00494nam a2200157 i 4500001000700000003000900007005001700016007000300033008004100036100002800077245009200105260003700197300003900234700003900273852002400312108558ES-MaACL20230906184649.0t|061121s1923 fr r ||||1| fre d1 aMontesquiou, Robert de.14aLes pas effacés / cRobert de Montesquiou ; memories publies par Paul-Louis Couchoud. a[Orleans : bEmil-Paul], c1923. a3 v. (356, 303, 302 p.) ; c19 cm.1 aCouchoud, Paul-Louis (d1879-1959) aES-MaACLjF-2337-39